000 00498nam a22001937a 4500
005 20210426112900.0
008 210127b1991 eng||||| |||| 00| 0 eng d
020 _a9780345368096
040 _cDLC
041 _aeng
080 _a94
_bT-21
100 _9701
_aTarans,Richard
245 _aThe passion of the western mind
_b/ by:Ballantine Books
260 _aNew York
_bBallantine Books
_c1991
300 _a544 P.
650 0 _9252
_aHistory
653 _aისტორია
942 _2udc
_cBK
999 _c982
_d982